Logistika distribúcie ako efektívne dostať výrobok na trh

Gespeichert in:
Bibliographische Detailangaben
1. Verfasser: Straka, Martin
Format: Buch
Sprache:Slowakisch
Veröffentlicht: Bratislava EPOS 2013
Schlagworte:
Tags: Tag hinzufügen
Keine Tags, Fügen Sie das erste Tag hinzu!

MARC

LEADER 00000nam a2200000 4500
001 0278009
005 20230109114635.1
020 |a 978-80-562-0015-5 
041 0 |a slo 
044 |a SK 
245 1 0 |a Logistika distribúcie  |b ako efektívne dostať výrobok na trh  |c Martin Straka 
264 1 |a Bratislava  |b EPOS  |c 2013 
300 |a 400 s. 
610 2 0 |a logistika 
610 2 0 |a distribúcia 
610 2 0 |a hospodárstvo odbytové 
610 2 0 |a priestor 
610 2 0 |a náklady 
610 2 0 |a výkonnosť 
610 2 0 |a klasifikácia 
610 2 0 |a sklady 
610 2 0 |a projektovanie 
610 2 0 |a riadenie zásob 
610 2 0 |a technológie informačné 
610 2 0 |a technológie komunikačné 
610 2 0 |a firmy 
610 2 0 |a alokácia 
610 2 0 |a metódy 
610 2 0 |a modely 
610 2 0 |a rozhodovanie strategické 
610 2 0 |a štúdie prípadové 
100 1 |a Straka, Martin